| 000 | 01484nam0a22003251 4500 | ||
|---|---|---|---|
| 001 | v19\rc\1835617 | ||
| 005 | 20250619141739.0 | ||
| 035 | _a(NLR Aleph) 004930211 | ||
| 090 |
_a5671533 _c5671533 |
||
| 100 | _a20071224d1908 |||y0rusy50 ca | ||
| 101 | 0 | _arus | |
| 102 | _aRU | ||
| 105 | _aa z ||||| | ||
| 200 | 1 |
_aСовременное состояние вопроса о применении стрептококковой противоскарлатинной вакцины по Габричевскому _fСост. В.Д. Маркузон, ассистент дет. больницы св. Ольги в Москве _gХим.-бактериол. ин-т д-ра Ф.М. Блюменталя |
|
| 210 |
_aМосква _cт-во тип. А.И. Мамонтова _d1908 |
||
| 215 |
_a52 с., 1 л. табл. _cтабл. _d23 |
||
| 532 | 1 | 3 | _aСовременное состояние вопроса о применении стрептококковой противоскарлатинной вакцины по Габричевскому |
| 700 | 1 |
_aМаркузон _bВ.Д. _f1880-1963 _gВладимир Давидович _4220 |
|
| 702 | 1 |
_aГабричевский _4100 |
|
| 801 | 0 |
_aRU _bNLR _gpsbo |
|
| 801 | 0 |
_aRU _bRuMoRGB _2psbo |
|
| 801 | 1 |
_aRU _bProSoft-M _2rusmarc |
|
| 852 |
_aNLR _j34.85.5.127 |
||
| 852 |
_aNLR _j133/470 |
||
| 899 |
_aRuMoRGB _jU 6/711 |
||
| 899 |
_aRuMoRGB _jU 134/599 |
||
| 899 | _aБАН | ||
| 942 | _cBOOK | ||
| 980 | _aNB | ||